1005 1447 1464 1058 1857 1874 1913 1811 1867 1472 1084 1686 1737 1521 1980 1714 1740 1726 1737 1561 1439 1062 1912 1010 1541 1075 1420 1690 1231 1046 1201 1197 1923 1144 1706 1251 1140 1496 1187 1831 1989 1354 1667 1566 1255 1109 1373 1397 1228 1955 1247 1079 1520 1440 1080 1435 1177 1478 1834 1742 1656 1544 1156 1325 1482 1319 1485 1117 1974 1712 1828 1124 1937 1849 1645 1858 1441 1331 1343 1983 1936 1555 1701 1426 1229 1730 1285 1062 1455 1991 1501 1401 1251 1539 1389 1420 1823 1746 1647 BCNSPRNW ULIB Ver.6.0+V

เปลี่ยนเป็นภาษาไทย

Change to English
 แสดงรายละเอียดบรรณานุกรม
  กลับหน้าหลัก

Brief Record : Get Marc (ISO 2709) : E-mail record : QR code < ปิดหน้าต่าง
LEADER : 00000nam 2200000uu 4500
001    13399112268
003     ULIB
008    110204s2536||||th 000 0 tha d
020    97486026
060 04 WG220^bต64 2536
100 0  สมชาติ โลหะจายะ
245 10 ตำราโรคหัวใจและหลอดเลือด /^cสมชาติ โลหะจายะ
250    พิมพ์ครั้งที่ 2
260    กรุงเทพฯ :^bสมาคมแพทย์โรคหัวใจแห่งประเทศไทย,^c2536
300    1157 หน้า :^bภาพประกอบ
650  7 หัวใจร่วมหลอดเลือด, โรค^xการพยาบาล
650  7 หลอดเลือด, โรค^xการพยาบาล
650  7 หัวใจ, โรค^xการพยาบาล
945    ^p0^l0^i009125
995    ทศพร
999 ^a ใช้งานได้ทุกระบบ
รายการนี้ยังไม่มีแท็ก
คุณยังไม่ได้ล็อกอิน คุณสามารถมีกิจกรรมร่วมกับเว็บไซต์ได้ แต่ต้องล็อกอินก่อน ::
  ล็อกอิน

รายการสื่อสารสนเทศ

ลำดับที่ ประเภท เลขเรียก/บาร์โค้ด สถานที่ สถานะ
- ไม่พบข้อมูล -

BibComment


ยังไม่เคยถูกคอมเมนท์

คอมเมนท์ทรัพยากรรายการนี้
  คอมเมนท์: ตำราโรคหัวใจและหล..


 Copyright 2026. Bcnsprnw @Library